00617 2200217 4500001002100000005001500021035002000036007000300056008004100059020002200100082000800122084001400130100001800144245010000162260004200262300003100304650002000335700002000355990001200375990001200387INLIS00000000000267420190103112407 a0010-0119000026ta190103 a 0 ind  a978-602-394-723-2 a028 a028 STE s0 aSTELLA, Ernes1 aSaat Aku Besar Nanti :bAku Ingin Menjadi Astronaut /cStella Ernes; penyunting, Damar Sasongko aJakarta :bBhuana Ilmu Populer,c2017 a29 hlm. :bilus. ;c20 cm. aBUKU DAN BACAAN0 aDAMAR, Sasongko a16938 a a16938 b